Statystyki dla Stolice świata na literę D

Kliknij tutaj aby rozwiązać quiz!

Ogólne statystyki

  • Ten quiz został rozwiązany 9 329 razy
  • Średni wynik to 5 z 11

Statystyki odpowiedzi

PaństwoStolica% Poprawnych
IrlandiaDublin
88%
SyriaDamaszek
62%
SenegalDakar
48%
IndonezjaDżakarta
48%
BangladeszDhaka
40%
KatarDoha
38%
DżibutiDżibuti
38%
TadżykistanDuszanbe
37%
Timor WschodniDili
28%
TanzaniaDodoma
27%
Sudan PołudniowyDżuba
22%

Rozkład punktacji

Percentyl według liczby udzielonych odpowiedzi

Procent ludzi z każdym wynikiem

Twoja historia wyników

Nie rozwiązałeś tego quizu